000 00604nam a2200205 i 4500
001 bg
100 1 _aWiśniowski, Kazimierz.
245 1 0 _aTowaroznawstwo artykułów spożywczych /
_cKazimierz Wiśniowski.
250 _aWyd. 2 popr.
260 _aWarszawa :
_bWydawnictwa Szkolne i Pedagogiczne,
_c1977.
300 _a394, [1] s. :
_bil. ;
_c21 cm.
504 _aBibliogr. s. 388-390.
650 9 _aŻywność
655 _aPodręczniki dla szkół zawodowych
040 _cBPK
041 _apol
080 _a664.017(075.3-021.66)
942 _cKS
008 091008s1977 pl a |001 0 pol
999 _c50801
_d50801
856 _uhttp://koha.tu.koszalin.pl/cgi-bin/koha/opac-detail.pl?biblionumber=50801
_yKatalog online BPK